Mesin waktu rosak

Bibliographic Details
Main Author: Muhammad Hanif
Corporate Author: Title
Format: Book
Published: Kuala Lumpur : Sabunai Media , 2004
Series:Siri mesin waktu
Subjects:

MARC

LEADER 00000cam a2200000 7i4500
001 0000002747
005 20151222.0
008 070716
020 |a 9832612233(set) 
020 |a 983261225X 
090 0 0 |a JF   |b AD MAL (3081) 
100 0 |a Muhammad Hanif 
245 1 0 |a Mesin waktu rosak   |c Muhammad Hanif 
260 |a Kuala Lumpur :   |b Sabunai Media ,   |c 2004 
440 0 |a Siri mesin waktu 
500 |a Children ages 7-9 years old (orange) 
650 0 |a Adventure 
650 0 |a Junior fiction   |x Malay   |x Languages 
710 0 |a Title 
999 |a 0000968893   |b Book   |c Children Collection   |e Cawangan Sri Merlong 
999 |a 0000968894   |b Book   |c Children Collection   |e Perbadanan Perpustakaan Awam Johor 
999 |a 0000968895   |b Book   |c Children Collection   |e Perbadanan Perpustakaan Awam Johor 
999 |a 0000968896   |b Book   |c Children Collection   |e Cawangan Bukit Gambir 
999 |a 0000968897   |b Book   |c Children Collection   |e Cawangan Urban Transformation Centre 
999 |a 000859738   |b Book   |c Children Collection   |e Cawangan Muar 
999 |a 983261225x   |b Book   |c Children Collection   |e Cawangan Sri Merlong